000
00234nam a22000857a 4500
008
160811b xxu||||| |||| 00| 0 eng d
100
_9
109
_a
Dewan V
245
_a
Empowering Mathematics-X
_b
Term-II
260
_a
New Delhi
_b
PPC publication
_c
2010
999
_c
2763
_d
2763